000 00430 a2200181 4500
001 067399
003 OSt
005 20211203110905.0
008
082 _a546
_bW65B
100 1 _aWilkinson, G.
245 1 _aBasic inorganic chemistry
_cby G. Wilkinson
260 _aIndia
_bWiley
_c2007
300 _a338p.
653 _aChemistry, Inorganic
700 _aGaus, P.L.
942 _2ddc
_cBK
999 _c1306
_d1306